The Last Word: Movie Genres Quiz Stats

 Plays Quiz Updated May 20, 2016

Challenge
Share
Tweet
Embed
Score 0/36 Timer 04:00
7 Plays Today
Hint Answer % Correct
Sci-FiApes
98.5%
RomanceJuliet
98.5%
WarRyan
97.6%
ComedyFamily
97.5%
AnimationPanda
96.3%
RomanceMountain
96%
BiographyList
96%
HorrorWoods
95.6%
FamilyLife
95.5%
HorrorProject
94.5%
FamilyFuture
93%
WarJacket
91.7%
CrimeSuspects
91.1%
MusicalBorn
90.5%
BiographyArabia
89.8%
BiographyLine
88.4%
WarHunter
85.8%
SportsGilmore
84.9%
Hint Answer % Correct
WesternSaddles
84.5%
Sci-FiOdyssey
83.9%
ComedyAmerica
82.2%
AnimationBride
80.8%
MusicalDolls
80.5%
RomanceDancing
80.1%
SportsSunday
79.5%
SportsBears
78.6%
ComedySpace
78.5%
Sci-FiUltron
76.1%
AnimationAway
72.8%
WesternFall
60.4%
FamilyTale
56.6%
CrimeBrasco
56.6%
WesternDrifter
46.2%
CrimePromises
32.4%
HorrorCaligari
17.5%
MusicalMelody
13.2%

You're not logged in!

Compare scores with friends on all Sporcle quizzes.
OR
Log In

You Might Also Like...

Show Comments

Extras

Top Quizzes Today


Score Distribution

Your Account Isn't Verified!

In order to create a playlist on Sporcle, you need to verify the email address you used during registration. Go to your Sporcle Settings to finish the process.

Report this User

Report this user for behavior that violates our Community Guidelines.

Details: